| 000 | 00789nam a22001937a 4500 | ||
|---|---|---|---|
| 003 | AM-YEHGA | ||
| 005 | 20250617164038.0 | ||
| 008 | 210925b ||||| |||| 00| 0 rus d | ||
| 040 | _aAM-YeHGA | ||
| 041 | 0 | _arus | |
| 245 | 0 | 0 |
_aБелорусский государственный университет имени В. И. Ленина : _b[Обзор] / _cРедкол.: Л. С. Абецедарский и др. |
| 260 |
_aМинск : _b[Изд-во М-ва высш., сред. спец. и проф. образования БССР], _c[1962] |
||
| 300 |
_a278 с., 1 л. портр.; _bил. |
||
| 653 | 0 | _aУниверситеты - Минск | |
| 700 | 1 |
_4edt _aАбецедарский, Л. С. _eред. |
|
| 942 |
_2udc _cBK |
||
| 001 | 1791554 | ||
| 090 | _c520402 | ||
| 999 |
_c516853 _d516853 |
||